<?xml version="1.0" encoding="UTF-8"?><?xml-stylesheet type="text/xsl" href="static/style.xsl"?><OAI-PMH xmlns="http://www.openarchives.org/OAI/2.0/" xmlns:xsi="http://www.w3.org/2001/XMLSchema-instance" xsi:schemaLocation="http://www.openarchives.org/OAI/2.0/ http://www.openarchives.org/OAI/2.0/OAI-PMH.xsd"><responseDate>2026-04-17T21:22:38Z</responseDate><request verb="GetRecord" identifier="oai:www.recercat.cat:11351/10396" metadataPrefix="marc">https://recercat.cat/oai/request</request><GetRecord><record><header><identifier>oai:recercat.cat:11351/10396</identifier><datestamp>2025-10-04T05:19:48Z</datestamp><setSpec>com_2072_378070</setSpec><setSpec>com_2072_378040</setSpec><setSpec>col_2072_378092</setSpec></header><metadata><record xmlns="http://www.loc.gov/MARC21/slim" xmlns:dcterms="http://purl.org/dc/terms/" xmlns:xsi="http://www.w3.org/2001/XMLSchema-instance" xmlns:doc="http://www.lyncode.com/xoai" xsi:schemaLocation="http://www.loc.gov/MARC21/slim http://www.loc.gov/standards/marcxml/schema/MARC21slim.xsd">
   <leader>00925njm 22002777a 4500</leader>
   <datafield ind2=" " ind1=" " tag="042">
      <subfield code="a">dc</subfield>
   </datafield>
   <datafield ind2=" " ind1=" " tag="720">
      <subfield code="a">Simó, Marta</subfield>
      <subfield code="e">author</subfield>
   </datafield>
   <datafield ind2=" " ind1=" " tag="720">
      <subfield code="a">Massuti, Bartomeu</subfield>
      <subfield code="e">author</subfield>
   </datafield>
   <datafield ind2=" " ind1=" " tag="720">
      <subfield code="a">Juan, Oscar</subfield>
      <subfield code="e">author</subfield>
   </datafield>
   <datafield ind2=" " ind1=" " tag="720">
      <subfield code="a">Huidobro, Gerardo</subfield>
      <subfield code="e">author</subfield>
   </datafield>
   <datafield ind2=" " ind1=" " tag="720">
      <subfield code="a">Nadal, Ernest</subfield>
      <subfield code="e">author</subfield>
   </datafield>
   <datafield ind2=" " ind1=" " tag="720">
      <subfield code="a">Rodriguez-Abreu, Delvys</subfield>
      <subfield code="e">author</subfield>
   </datafield>
   <datafield ind2=" " ind1=" " tag="720">
      <subfield code="a">FELIP, ENRIQUETA</subfield>
      <subfield code="e">author</subfield>
   </datafield>
   <datafield ind2=" " ind1=" " tag="260">
      <subfield code="c">2023-10-02T12:35:07Z</subfield>
   </datafield>
   <datafield ind2=" " ind1=" " tag="260">
      <subfield code="c">2023-10-02T12:35:07Z</subfield>
   </datafield>
   <datafield ind2=" " ind1=" " tag="260">
      <subfield code="c">2023-10-01</subfield>
   </datafield>
   <datafield ind2=" " ind1=" " tag="520">
      <subfield code="a">Atezolizumab; Non-small-cell lung cancer; Brain metastases</subfield>
   </datafield>
   <datafield ind2=" " ind1=" " tag="520">
      <subfield code="a">Atezolizumab; Cáncer de pulmón de células no pequeñas; Metástasis cerebral</subfield>
   </datafield>
   <datafield ind2=" " ind1=" " tag="520">
      <subfield code="a">Atezolizumab; Càncer de pulmó de cèl·lules no petites; Metàstasi cerebral</subfield>
   </datafield>
   <datafield ind2=" " ind1=" " tag="520">
      <subfield code="a">PURPOSE&#xd;
The Atezo-Brain study evaluated atezolizumab combined with chemotherapy in patients with advanced non–small-cell lung cancer (NSCLC) with untreated brain metastases, a population traditionally excluded from trials.&#xd;
METHODS&#xd;
This single-arm phase II clinical trial enrolled patients with advanced nonsquamous NSCLC with untreated brain metastases without neurologic symptoms or asymptomatic with medical treatment. Dexamethasone was allowed up to 4 mg once daily. Atezolizumab plus carboplatin and pemetrexed was given for four to six cycles followed by atezolizumab plus pemetrexed until progression for a maximum of 2 years. The primary end points were to determine the progression-free survival (PFS) rate at 12 weeks and the incidence of grade ≥3 adverse events during the first 9 weeks. Intracranial outcomes were assessed using response assessment in neuro-oncology brain metastases criteria.&#xd;
RESULTS&#xd;
Forty patients were enrolled and 22 (55%) were receiving corticosteroids at baseline. The overall 12-week PFS rate was 62.2% (95% credibility interval [CrI], 47.1 to 76.2). The rate of grade 3/4 adverse events during the first 9 weeks was 27.5%. Most neurologic events were grade 1 and 2 but five patients (12.5%) experienced grade 3-4 neurologic events. With a median follow-up of 31 months, intracranial median PFS was 6.9 months and response rate was 42.7% (95% CrI, 28.1 to 57.9). Systemic median PFS was 8.9 months and response rate was 45% (95% CrI, 28.1 to 57.9). The median overall survival (OS) was 11.8 months (95% CI, 7.6 to 16.9) and the 2-year OS rate was 27.5% (95% CI, 16.6 to 45.5).&#xd;
CONCLUSION&#xd;
Atezolizumab plus carboplatin and pemetrexed demonstrates activity in patients with advanced nonsquamous NSCLC with untreated brain metastases with an acceptable safety profile.</subfield>
   </datafield>
   <datafield tag="653" ind2=" " ind1=" ">
      <subfield code="a">Pulmons - Càncer - Tractament</subfield>
   </datafield>
   <datafield tag="653" ind2=" " ind1=" ">
      <subfield code="a">Quimioteràpia combinada</subfield>
   </datafield>
   <datafield tag="653" ind2=" " ind1=" ">
      <subfield code="a">Metàstasi</subfield>
   </datafield>
   <datafield tag="653" ind2=" " ind1=" ">
      <subfield code="a">DISEASES::Neoplasms::Neoplasms by Site::Thoracic Neoplasms::Respiratory Tract Neoplasms::Lung Neoplasms::Bronchial Neoplasms::Carcinoma, Bronchogenic::Carcinoma, Non-Small-Cell Lung</subfield>
   </datafield>
   <datafield tag="653" ind2=" " ind1=" ">
      <subfield code="a">Other subheadings::Other subheadings::Other subheadings::/drug therapy</subfield>
   </datafield>
   <datafield tag="653" ind2=" " ind1=" ">
      <subfield code="a">ANALYTICAL, DIAGNOSTIC AND THERAPEUTIC TECHNIQUES, AND EQUIPMENT::Therapeutics::Drug Therapy::Drug Therapy, Combination</subfield>
   </datafield>
   <datafield tag="653" ind2=" " ind1=" ">
      <subfield code="a">DISEASES::Neoplasms::Neoplasms by Site::Nervous System Neoplasms::Central Nervous System Neoplasms::Brain Neoplasms</subfield>
   </datafield>
   <datafield tag="653" ind2=" " ind1=" ">
      <subfield code="a">ENFERMEDADES::neoplasias::neoplasias por localización::neoplasias torácicas::neoplasias del tracto respiratorio::neoplasias pulmonares::neoplasias de los bronquios::carcinoma broncogénico::carcinoma de pulmón de células no pequeñas</subfield>
   </datafield>
   <datafield tag="653" ind2=" " ind1=" ">
      <subfield code="a">Otros calificadores::Otros calificadores::Otros calificadores::/farmacoterapia</subfield>
   </datafield>
   <datafield tag="653" ind2=" " ind1=" ">
      <subfield code="a">TÉCNICAS Y EQUIPOS ANALÍTICOS, DIAGNÓSTICOS Y TERAPÉUTICOS::terapéutica::farmacoterapia::farmacoterapia combinada</subfield>
   </datafield>
   <datafield tag="653" ind2=" " ind1=" ">
      <subfield code="a">ENFERMEDADES::neoplasias::neoplasias por localización::neoplasias del sistema nervioso::neoplasias del sistema nervioso central::neoplasias cerebrales</subfield>
   </datafield>
   <datafield ind2="0" ind1="0" tag="245">
      <subfield code="a">Phase II Trial of Atezolizumab Combined With Carboplatin and Pemetrexed for Patients With Advanced Nonsquamous Non-Small-Cell Lung Cancer With Untreated Brain Metastases (Atezo-Brain, GECP17/05)</subfield>
   </datafield>
</record></metadata></record></GetRecord></OAI-PMH>